00286nam a2200109Ia 4500008004100000041000800041082001400049100002600063245004100089260002200130300002400152240624s9999 xx 000 0 und d aeng a332.1 RBI aRESERVE BANK OF INDIA aHISTORY OF THE RESERVE BANK OF INDIA c1970aBombaybRBI a878 : p. : cm. ; 26